HOW TO DO CRITICAL DISCOURSE ANALYSIS 2/ED (Record no. 7966)

MARC details
000 -LEADER
fixed length control field 00330nam a2200133Ia 4500
008 - FIXED-LENGTH DATA ELEMENTS--GENERAL INFORMATION
fixed length control field 260604s9999 xx 000 0 und d
020 ## - INTERNATIONAL STANDARD BOOK NUMBER
International Standard Book Number 9781529772982
082 ## - DEWEY DECIMAL CLASSIFICATION NUMBER
Classification number 302 MAC
100 ## - MAIN ENTRY--PERSONAL NAME
Personal name MACHIN
9 (RLIN) 35204
245 #0 - TITLE STATEMENT
Title HOW TO DO CRITICAL DISCOURSE ANALYSIS 2/ED
260 ## - PUBLICATION, DISTRIBUTION, ETC.
Name of publisher, distributor, etc. SAGE
500 ## - GENERAL NOTE
General note Communication, Discourse
942 ## - ADDED ENTRY ELEMENTS (KOHA)
Koha item type Book
Holdings
Date last seen Total Checkouts Full call number Barcode Cost, replacement price Price effective from Koha item type Lost status Damaged status Not for loan Withdrawn status Home library Current library Shelving location Date acquired Cost, normal purchase price BOOK NO
06/04/2026   302 MAC 003584 4618.37 06/04/2026 Book         Indian Institute of Management Visakhapatnam Indian Institute of Management Visakhapatnam   06/04/2026 4618.37 MAC

Copyright © 2024 Indian Institute of Management Visakhapatnam
Koha v23.05